00622 2200229 4500001002100000005001700021008004100038020001800079035002400097082001100121090002300132100001800155245007800173250001100251260002700262300002200289650002300311850001600334980001400350985000600364999002200370YOGYA-0209000004529420090227030706.0 ind  a979-763-259-8 0010-020900000045294 a231.73 a231.73bSap DlDEP aSAPTAJI, Arie aDari mukjizat sampai jalangkungbada apa dengan kekristenancArie Saptaji aCet. 1 aYogyakartabAndic2006 av, 101 hlmc20 cm aMukjizat (Kristen) aYOPDYOG (M) a16-5-2007 a1 aCB-D.11 2006-603h